[Event "Titled Tue 10th Jun Late"]
[Site "chess.com INT"]
[Date "2025.06.10"]
[Round "6"]
[White "Makridis, Dimitrios"]
[Black "Radchenko, Alexey"]
[Result "1-0"]
[WhiteTitle "FM"]
[BlackTitle "FM"]
[WhiteElo "2283"]
[BlackElo "2290"]
[WhiteFideId "25864475"]
[BlackFideId "4192362"]
[EventDate "2025.06.10"]

1. e4 c6 2. d4 d5 3. exd5 cxd5 4. Bd3 Nc6 5. c3 Nf6 6. h3 e5 7. dxe5 Nxe5 8. Nf3
Nxd3+ 9. Qxd3 Be6 10. O-O Bd6 11. Re1 O-O 12. Bg5 Be7 13. Nbd2 h6 14. Bh4 Re8
15. Nd4 Bd7 16. Nf1 Nh5 17. Rxe7 Rxe7 18. Bxe7 Qxe7 19. Qe3 Re8 20. Qxe7 Rxe7
21. Ne3 Bc6 22. Rd1 g6 23. Ndc2 Nf4 24. Kh2 Re5 25. g3 Ne6 26. Nb4 Ng5 27. h4
Ne4 28. Kg2 Nf6 29. Rd4 a5 30. Nd3 Re4 31. Nc5 Rxd4 32. cxd4 b6 33. Nd3 Kf8 34.
Kf3 Ke7 35. Nf4 Kd6 36. g4 Ne4 37. h5 Ng5+ 38. Ke2 Bb5+ 39. Kd2 Ne4+ 40. Ke1 g5
41. Nf5+ Kc6 42. Ne2 Nf6 43. Nxh6 Bd3 44. f3 Kd7 45. Nxf7 Ke6 46. Nxg5+ Ke7 47.
Nf4 Bb1 48. a3 b5 49. Kd2 b4 50. axb4 axb4 51. h6 Kd6 52. Ng2 Ke7 53. Ne3 Kd6
54. Nf5+ Bxf5 55. gxf5 Kc6 56. h7 Nxh7 57. Nxh7 Kb5 58. b3 Ka5 59. f6 Kb5 60. f7
Ka5 61. f8=Q Ka6 62. Qc5 Kb7 63. Nf6 Ka8 64. Nxd5 Kb7 65. Qb6+ Ka8 66. Nc7# 1-0

[Event "Titled Tue 10th Jun Late"]
[Site "chess.com INT"]
[Date "2025.06.10"]
[Round "6"]
[White "Nita, Lucian"]
[Black "Sivakumar, Ashvin"]
[Result "0-1"]
[BlackTitle "FM"]
[WhiteElo "2143"]
[BlackElo "2175"]
[WhiteFideId "1206923"]
[BlackFideId "5804655"]
[EventDate "2025.06.10"]

1. e4 e6 2. d3 d5 3. Nd2 Nf6 4. Ngf3 c5 5. Be2 Nc6 6. c3 Be7 7. O-O O-O 8. e5
Nd7 9. d4 a6 10. Nb3 b5 11. Be3 Qb6 12. Rc1 Bb7 13. Qd2 a5 14. Na1 a4 15. a3
Rac8 16. Nc2 Na5 17. dxc5 Bxc5 18. Ncd4 Rfe8 19. Bd3 Nc4 20. Bxc4 bxc4 21. Rc2
Rb8 22. Re1 Nf8 23. Bf4 Bc8 24. h4 Ng6 25. Bg3 Bd7 26. h5 Ne7 27. Qg5 h6 28. Qg4
Nc6 29. Nxc6 Bxc6 30. Rd1 Qd8 31. Nd4 Bd7 32. Bf4 Kh7 33. Be3 Qe7 34. f4 f5 35.
exf6 Qxf6 36. Qg3 Rf8 37. Kh1 Bd6 38. Nf3 Bxf4 39. Bxf4 Qxf4 40. Qxf4 Rxf4 41.
Ne5 Be8 42. g4 Re4 43. Nf3 Rxg4 44. Re1 Rb6 45. Nd4 Bxh5 46. Rxe6 Rh4+ 47. Rh2
Rxh2+ 48. Kxh2 Rxb2+ 49. Kg3 Ra2 50. Nb5 Rb2 51. Nd6 Rb3 52. Re7 Rxc3+ 53. Kh4
Bg6 54. Nb5 Rb3 55. Nd4 Rd3 56. Ne6 Bf5 57. Nxg7 Rh3# 0-1

[Event "Titled Tue 10th Jun Late"]
[Site "chess.com INT"]
[Date "2025.06.10"]
[Round "6"]
[White "Thiel, Thomas"]
[Black "Winkels, Marcel"]
[Result "1-0"]
[WhiteTitle "FM"]
[BlackTitle "CM"]
[WhiteElo "2170"]
[BlackElo "1905"]
[WhiteFideId "4615964"]
[BlackFideId "1003887"]
[EventDate "2025.06.10"]

1. e4 c5 2. Nc3 Nc6 3. Bb5 Nd4 4. Bc4 e6 5. Nge2 Ne7 6. Nxd4 cxd4 7. Ne2 Nc6 8.
O-O Ne5 9. d3 Nxc4 10. dxc4 e5 11. f4 Bc5 12. Kh1 d6 13. a3 O-O 14. b4 Bb6 15.
fxe5 dxe5 16. c5 Bc7 17. Ng3 Be6 18. Qh5 g6 19. Qh6 f6 20. Rf3 Bg4 21. Rd3 Qe7
22. h3 Be6 23. Bd2 f5 24. exf5 Bxf5 25. Bg5 Qg7 26. Nxf5 Rxf5 27. Re1 Re8 28.
Rxd4 Ref8 29. Qxg7+ Kxg7 30. Rd7+ R8f7 31. Rxf7+ Kxf7 32. Be3 Ke6 33. Kg1 a6 34.
c4 e4 35. Rd1 Be5 36. b5 Bc3 37. Rd6+ Ke7 38. Rb6 Rf8 39. Rxb7+ Ke6 40. c6 Rg8
41. c7 Rc8 42. b6 Kd7 43. Rb8 1-0

[Event "Titled Tue 10th Jun Late"]
[Site "chess.com INT"]
[Date "2025.06.10"]
[Round "6"]
[White "Moskalenko, Alexander"]
[Black "Kunin, Vitaly"]
[Result "1-0"]
[WhiteTitle "GM"]
[BlackTitle "GM"]
[WhiteElo "2422"]
[BlackElo "2500"]
[WhiteFideId "4155351"]
[BlackFideId "4128737"]
[EventDate "2025.06.10"]

1. c4 e5 2. Nf3 Nc6 3. Nc3 Nf6 4. e4 Bb4 5. d3 Bc5 6. Be2 d6 7. a3 a5 8. O-O h6
9. Rb1 Bg4 10. h3 Bxf3 11. Bxf3 O-O 12. g3 Nd4 13. Bg2 c6 14. Kh1 b5 15. b4 axb4
16. axb4 Bb6 17. cxb5 cxb5 18. Be3 Qd7 19. f4 Rfc8 20. fxe5 dxe5 21. Rxf6 Bd8
22. Rf5 Rxc3 23. Rxe5 Ne6 24. Rd5 Qe8 25. Qd2 Rac8 26. Bc5 Ra3 27. Rf1 Bg5 28.
Qf2 Nxc5 29. bxc5 b4 30. d4 b3 31. Re5 Qd7 32. Rf5 Ra2 33. Qf3 b2 34. Rxf7 Qxd4
35. Qb3 Ra1 36. Rd7+ Qc4 37. Qxc4+ 1-0

[Event "Titled Tue 10th Jun Late"]
[Site "chess.com INT"]
[Date "2025.06.10"]
[Round "6"]
[White "Maglioni, Leonardo"]
[Black "Gyurjinyan, Valter"]
[Result "0-1"]
[BlackTitle "CM"]
[WhiteElo "2069"]
[BlackElo "2208"]
[WhiteFideId "2896830"]
[BlackFideId "13318179"]
[EventDate "2025.06.10"]

1. d4 Nf6 2. Bf4 b6 3. e3 Bb7 4. Nf3 d6 5. Nbd2 Nbd7 6. Bg3 g6 7. h3 Bg7 8. Be2
O-O 9. O-O Re8 10. c4 e5 11. b4 a5 12. a3 exd4 13. Nxd4 Ne4 14. Nxe4 Bxe4 15.
Rc1 axb4 16. axb4 h5 17. Bf3 Bxf3 18. Qxf3 Ra2 19. Rfd1 h4 20. Bh2 Qg5 21. Qc6
Re7 22. Qxc7 Bxd4 23. exd4 Ree2 24. Rf1 Rxf2 25. Rxf2 Qxc1+ 26. Rf1 Qe3+ 27. Kh1
Qe4 28. Rg1 Nf6 29. Qxd6 Nh5 30. Be5 Kh7 31. c5 Ra3 32. Qd7 bxc5 33. Qxf7+ Kh6
34. Qf8+ Kg5 35. Qe7+ Kh6 36. Qf8+ Ng7 37. Qxg7+ Kh5 38. Qh8+ Kg5 39. Qf6+ Kh5
40. Qh8+ Kg5 41. Qd8+ Kh5 42. Qd7 cxd4 0-1

[Event "Titled Tue 10th Jun Late"]
[Site "chess.com INT"]
[Date "2025.06.10"]
[Round "6"]
[White "Askarov, Bakhtiyar"]
[Black "Marchand, Calix"]
[Result "1-0"]
[WhiteTitle "IM"]
[WhiteElo "2297"]
[BlackElo "2108"]
[WhiteFideId "13701100"]
[BlackFideId "2640856"]
[EventDate "2025.06.10"]

1. d4 d5 2. Nf3 Nf6 3. Bf4 e6 4. e3 Bd6 5. Bg3 O-O 6. Nbd2 c5 7. c3 Nc6 8. Bb5
Qe7 9. Bxc6 bxc6 10. Qa4 Rb8 11. Bxd6 Qxd6 12. Qa3 Nd7 13. Nb3 Qc7 14. Nxc5 Nxc5
15. dxc5 e5 16. O-O Bg4 17. Nd2 Rfe8 18. b4 Re6 19. f3 Bf5 20. e4 Bg6 21. Rae1
f5 22. Qc1 fxe4 23. fxe4 Rd8 24. a3 d4 25. Nc4 dxc3 26. Qxc3 Rd4 27. Nd6 h6 28.
h3 Kh7 29. Re3 Rexd6 30. cxd6 Qxd6 31. Rfe1 Rd2 32. Kh2 Rd4 33. Rg3 Bxe4 34.
Rxe4 Rxe4 35. Qc2 Qd5 36. Rg4 g6 37. Rxe4 Qd6 38. Qe2 Kg7 39. Qe3 g5 40. Qf3 a6
41. Qf5 a5 42. bxa5 c5 43. Rxe5 c4 44. a6 c3 45. a7 c2 46. a8=Q c1=Q 47. Qb7+
Kh8 48. Qbh7# 1-0

[Event "Titled Tue 10th Jun Late"]
[Site "chess.com INT"]
[Date "2025.06.10"]
[Round "6"]
[White "Nigalidze, Gaioz"]
[Black "Venkatesh, Narayan"]
[Result "1-0"]
[WhiteTitle "IM"]
[BlackTitle "FM"]
[WhiteElo "2368"]
[BlackElo "2168"]
[WhiteFideId "13603078"]
[BlackFideId "30987881"]
[EventDate "2025.06.10"]

1. e4 Nc6 2. Nf3 d6 3. d4 g6 4. Nc3 Bg7 5. Be3 e5 6. dxe5 Nxe5 7. Nxe5 Bxe5 8.
Qd2 Bg7 9. O-O-O Be6 10. h4 Nf6 11. Bh6 O-O 12. f3 a6 13. g4 b5 14. h5 b4 15.
Ne2 a5 16. hxg6 fxg6 17. Bxg7 Kxg7 18. Qh6+ Kg8 19. e5 Qd7 20. exf6 Rxf6 21. Nd4
Bxa2 22. Bb5 Qf7 23. Rde1 Bd5 24. Be8 Rxe8 25. Rxe8+ Qxe8 26. Qxh7+ Kf8 27. Qh8+
Ke7 28. Re1+ Be6 29. Qxe8+ Kxe8 30. Rxe6+ Kf7 31. Rxf6+ Kxf6 32. f4 c5 33. Nb5
d5 34. b3 Ke7 35. Kd2 c4 36. Nd4 Kd6 37. f5 gxf5 38. gxf5 cxb3 39. cxb3 Ke5 40.
Nc6+ Kxf5 41. Nxa5 Ke4 42. Nc6 Kf5 43. Nxb4 Ke6 44. Kd3 Kd6 45. Kd4 1-0

[Event "Titled Tue 10th Jun Late"]
[Site "chess.com INT"]
[Date "2025.06.10"]
[Round "6"]
[White "Panin, Mikhail"]
[Black "Fernandez Siles, Luis"]
[Result "1-0"]
[WhiteTitle "CM"]
[BlackTitle "FM"]
[WhiteElo "2255"]
[BlackElo "2170"]
[WhiteFideId "34164992"]
[BlackFideId "2209420"]
[EventDate "2025.06.10"]

1. e4 c5 2. Nf3 Nc6 3. Bb5 g6 4. O-O Bg7 5. Re1 Nf6 6. e5 Nd5 7. Nc3 Nc7 8. Bxc6
dxc6 9. Ne4 b6 10. d3 Bg4 11. h3 Bxf3 12. Qxf3 O-O 13. h4 Ne6 14. h5 Nd4 15. Qd1
Qd5 16. Bf4 Ne6 17. Nc3 Qd7 18. Bd2 Nd4 19. h6 Bh8 20. Ne4 Qf5 21. Ng3 Qd7 22.
a4 a5 23. Bc3 Ne6 24. Qd2 Rad8 25. Re4 f5 26. exf6 exf6 27. Rae1 Rde8 28. Qe2
Nc7 29. Re7 Rxe7 30. Qxe7 Qxe7 31. Rxe7 Nd5 32. Rb7 Re8 33. Kf1 f5 34. Bxh8 Kxh8
35. Ne2 Nb4 36. Rxb6 Nxc2 37. Rxc6 Kg8 38. Rxc5 Nb4 39. Nf4 Rd8 40. Rxa5 g5 41.
Ne6 Nxd3 42. Nxd8 1-0

[Event "Titled Tue 10th Jun Late"]
[Site "chess.com INT"]
[Date "2025.06.10"]
[Round "6"]
[White "Andrade, Ivan"]
[Black "Ghimoyan, Narek"]
[Result "0-1"]
[WhiteTitle "FM"]
[BlackTitle "CM"]
[WhiteElo "2144"]
[BlackElo "2273"]
[WhiteFideId "14800039"]
[BlackFideId "13315412"]
[EventDate "2025.06.10"]

1. e4 Nf6 2. e5 Nd5 3. d4 d6 4. Nf3 g6 5. Bc4 Nb6 6. Bb3 Bg7 7. h3 O-O 8. O-O
Nc6 9. Qe2 dxe5 10. dxe5 Nd4 11. Nxd4 Qxd4 12. Re1 Be6 13. c3 Qd7 14. Bg5 Rfd8
15. Na3 h6 16. Bh4 g5 17. Bg3 a6 18. Rad1 Qc6 19. h4 Bxb3 20. axb3 Qg6 21. hxg5
hxg5 22. e6 Rxd1 23. Rxd1 Qxe6 24. Qxe6 fxe6 25. Bxc7 Nd5 26. Bg3 b5 27. b4 Rc8
28. Nc2 Nb6 29. Re1 Kf7 30. Ra1 Na4 31. Rb1 Rc6 32. Kf1 Kg6 33. Ke2 Bxc3 34. b3
Nb6 35. Rd1 Bf6 36. Ne3 Rc3 37. f3 Rxb3 38. Be1 Bc3 39. Bxc3 Rxc3 40. Ra1 Na4
41. Rb1 Rc7 42. Kd2 Rd7+ 43. Ke1 Rc7 44. Kd2 Nb6 45. Ra1 Rd7+ 46. Ke2 Na4 47.
Rc1 Kf7 48. Rc6 Rd6 49. Rc7 Rd4 50. Rc6 Rxb4 51. Rxa6 Rb2+ 52. Kd3 Nc5+ 53. Kc3
Rb3+ 0-1

[Event "Titled Tue 10th Jun Late"]
[Site "chess.com INT"]
[Date "2025.06.10"]
[Round "6"]
[White "Mesquita, Eduardo Barbosa"]
[Black "Sharankov, Grigory"]
[Result "0-1"]
[BlackTitle "CM"]
[WhiteElo "2014"]
[BlackElo "2238"]
[WhiteFideId "22757163"]
[BlackFideId "4168356"]
[EventDate "2025.06.10"]

1. e4 c5 2. Nf3 e6 3. d4 cxd4 4. Nxd4 a6 5. Nc3 b5 6. Be3 Bb7 7. Qd2 Qc7 8.
O-O-O Bb4 9. a3 Bxc3 10. bxc3 Bxe4 11. Bxb5 Nf6 12. Ba4 O-O 13. f3 Bg6 14. Bb3
d5 15. g4 Rc8 16. Kb2 Nbd7 17. g5 Ne8 18. Bf4 Nd6 19. Rhe1 Nc5 20. Nxe6 fxe6 21.
Bxd5 exd5 22. Qxd5+ Bf7 23. Qxd6 Na4+ 24. Kc1 Qxc3 25. Re2 Qb2+ 26. Kd2 Rd8 27.
Ke1 Rxd6 28. Rxd6 Nc3 29. Re7 Qxc2 30. h4 Re8 31. Rxe8+ Bxe8 32. Re6 Kf7 33. Re5
Bb5 34. h5 g6 35. h6 Qd3 36. Kf2 Nd5 37. Bh2 Qd4+ 38. Kg2 Nf4+ 39. Bxf4 Qxf4 0-1

[Event "Titled Tue 10th Jun Late"]
[Site "chess.com INT"]
[Date "2025.06.10"]
[Round "6"]
[White "Durarbayli, Vasif"]
[Black "Saidov, Bilukhadzh"]
[Result "0-1"]
[WhiteTitle "GM"]
[BlackTitle "FM"]
[WhiteElo "2612"]
[BlackElo "2309"]
[WhiteFideId "13402935"]
[BlackFideId "34165476"]
[EventDate "2025.06.10"]

1. e4 c5 2. Nf3 Nf6 3. e5 Nd5 4. Nc3 e6 5. Ne4 Nc6 6. c4 Nf4 7. d4 Ng6 8. dxc5
Bxc5 9. Nd6+ Bxd6 10. exd6 b6 11. h4 Bb7 12. h5 Nge5 13. h6 Qf6 14. hxg7 Qxg7
15. Ng5 h6 16. Ne4 Nd4 17. Ng3 Nef3+ 18. gxf3 Nxf3+ 19. Ke2 Qe5+ 20. Kd3 Qd4+
21. Kc2 Qxf2+ 22. Ne2 Ne1+ 23. Kd2 Bxh1 24. Qxe1 Qc5 25. Qg3 O-O-O 26. b3 Rhg8
27. Qd3 f5 28. Bb2 Be4 29. Qd4 Qxd4+ 30. Bxd4 h5 31. Be5 h4 32. Nf4 Rg3 33. Bf6
Rdg8 34. Be2 h3 35. Bh4 h2 36. Bxg3 Rxg3 37. Nh5 Rg1 0-1

[Event "Titled Tue 10th Jun Late"]
[Site "chess.com INT"]
[Date "2025.06.10"]
[Round "6"]
[White "Labussiere, Victor"]
[Black "Dubnevych, Maksym"]
[Result "0-1"]
[WhiteTitle "FM"]
[BlackTitle "FM"]
[WhiteElo "2312"]
[BlackElo "2296"]
[WhiteFideId "2183129"]
[BlackFideId "14184001"]
[EventDate "2025.06.10"]

1. c4 e6 2. Nf3 d5 3. g3 Nf6 4. Bg2 Be7 5. b3 O-O 6. Bb2 b6 7. O-O Bb7 8. e3
Nbd7 9. Qe2 Rc8 10. Rd1 c5 11. d3 Rc7 12. Nbd2 Qa8 13. Ne5 Rd8 14. cxd5 Nxd5 15.
Ne4 Bf8 16. Qh5 N7f6 17. Nxf6+ Nxf6 18. Bxb7 Qxb7 19. Qf3 Nd5 20. d4 cxd4 21.
Bxd4 Qc8 22. h4 f6 23. Nc4 b5 24. Nd2 e5 25. Bb2 Nb4 26. Ne4 Nd3 27. Rab1 Rc2
28. Ba1 f5 29. Ng5 h6 30. e4 Rxf2 31. Qh5 hxg5 32. hxg5 Qc2 33. g6 Rg2+ 34. Kh1
Nf2+ 35. Kxg2 Ng4+ 36. Kf1 Qf2# 0-1

[Event "Titled Tue 10th Jun Late"]
[Site "chess.com INT"]
[Date "2025.06.10"]
[Round "6"]
[White "Urbina Quiroz, Edwin"]
[Black "Mizzi, Jack"]
[Result "0-1"]
[BlackTitle "CM"]
[WhiteElo "2041"]
[BlackElo "2107"]
[WhiteFideId "6500650"]
[BlackFideId "5602521"]
[EventDate "2025.06.10"]

1. e4 c6 2. Nf3 d5 3. Nc3 Bg4 4. h3 Bxf3 5. Qxf3 e6 6. d3 Nd7 7. Qe2 d4 8. Nb1
e5 9. Nd2 Ngf6 10. g4 h6 11. Nf3 a5 12. g5 hxg5 13. Bxg5 a4 14. h4 Qb6 15. O-O-O
Nh5 16. Bh3 f6 17. Bd2 a3 18. b3 Bb4 19. Kb1 Bxd2 20. Qxd2 Nc5 21. Ng1 Nf4 22.
Ne2 Nxe2 23. Qxe2 Na4 24. Ka1 Qb4 25. Qd2 Qxd2 26. Rxd2 Nc3 27. f4 exf4 28. Rg2
Kf7 29. h5 g5 30. hxg6+ Kg7 31. Rgg1 Rh6 32. Bf5 Rah8 33. Rxh6 Rxh6 34. b4 f3
35. Rf1 f2 36. b5 Rh2 37. bxc6 bxc6 38. Bd7 c5 39. Bf5 Rg2 40. Bh3 Rg1 41. Bg2
Rxg2 0-1

[Event "Titled Tue 10th Jun Late"]
[Site "chess.com INT"]
[Date "2025.06.10"]
[Round "6"]
[White "Noroozi, Omid"]
[Black "Harish, Neeraj"]
[Result "0-1"]
[WhiteTitle "IM"]
[BlackTitle "CM"]
[WhiteElo "2266"]
[BlackElo "2192"]
[WhiteFideId "12501190"]
[BlackFideId "30958130"]
[EventDate "2025.06.10"]

1. c4 c6 2. Nf3 d5 3. e3 Nf6 4. Nc3 e6 5. Qc2 Nbd7 6. Be2 Bd6 7. b3 O-O 8. Bb2
e5 9. Rg1 Re8 10. g4 e4 11. Nd4 Bxh2 12. Rg2 Be5 13. Nf5 Nc5 14. O-O-O dxc4 15.
Bxc4 Nd3+ 16. Kb1 Nxb2 17. Kxb2 b5 18. d4 exd3 19. Rxd3 Qc7 20. f4 bxc4 21. Rdd2
Bxc3+ 22. Qxc3 cxb3 23. axb3 Bxf5 24. gxf5 Rad8 25. Rxg7+ Kxg7 26. Rg2+ Kf8 27.
Qxf6 Qd6 28. Qg7+ Ke7 29. Ka2 Qf6 30. Qxh7 Rd5 31. b4 a5 32. e4 axb4 33. e5 Ra8+
34. Kb3 Qh8 35. f6+ Ke6 36. f5+ Kxe5 37. Re2+ Kd6 38. Re6+ fxe6 39. Qe7+ Ke5 40.
Qxe6+ Kf4 41. f7 Qh3+ 42. Kxb4 Rb5+ 43. Kc4 Ra4# 0-1

[Event "Titled Tue 10th Jun Late"]
[Site "chess.com INT"]
[Date "2025.06.10"]
[Round "6"]
[White "Chueca Forcen, Alberto"]
[Black "Jasinski, Alexander"]
[Result "1-0"]
[WhiteTitle "IM"]
[WhiteElo "2292"]
[BlackElo "1989"]
[WhiteFideId "2269902"]
[BlackFideId "55627994"]
[EventDate "2025.06.10"]

1. c4 Nf6 2. Nc3 g6 3. e4 d6 4. d4 Bg7 5. Nf3 O-O 6. h3 e5 7. d5 a5 8. Be3 Na6
9. g4 Nc5 10. Nd2 Nfd7 11. Be2 Kh8 12. h4 f5 13. gxf5 gxf5 14. exf5 Rxf5 15. Qc2
Rf8 16. O-O-O Nb6 17. Bxc5 dxc5 18. Nde4 Bf5 19. Rdg1 a4 20. Bd3 a3 21. b3 Nc8
22. Nxc5 Bxd3 23. Qxd3 e4 24. N3xe4 Ra6 25. Rxg7 Kxg7 26. Ng5 Kf6 27. Nxa6 bxa6
28. Nxh7+ Ke5 29. Qe3+ Kd6 30. Nxf8 Qxf8 31. Rg1 Qf6 32. c5+ Kxd5 33. Rg5+ Kc6
34. Qe4+ Kd7 35. Qd5+ Nd6 36. c6+ 1-0

[Event "Titled Tue 10th Jun Late"]
[Site "chess.com INT"]
[Date "2025.06.10"]
[Round "6"]
[White "Ersoz, Teoman Guney"]
[Black "Martinovici, Ilia"]
[Result "0-1"]
[WhiteTitle "CM"]
[BlackTitle "IM"]
[WhiteElo "2052"]
[BlackElo "2452"]
[WhiteFideId "44537050"]
[BlackFideId "13907034"]
[EventDate "2025.06.10"]

1. d4 Nf6 2. Nc3 e6 3. e4 d5 4. Bg5 dxe4 5. Nxe4 Be7 6. Bxf6 gxf6 7. Nf3 a6 8.
g3 b5 9. Bg2 Bb7 10. Qe2 f5 11. Ned2 Nd7 12. O-O O-O 13. a4 bxa4 14. Rxa4 c5 15.
Ne5 Bxg2 16. Kxg2 Nb6 17. Ra5 cxd4 18. Nc6 Qc7 19. Nxe7+ Qxe7 20. Nf3 Qf6 21.
Rd1 Rfd8 22. Qe5 Qxe5 23. Rxe5 Nc4 24. Rc5 Nxb2 25. Rxd4 Rxd4 26. Nxd4 a5 27.
Rb5 Nc4 28. Rc5 Nd6 29. Rc6 Ne4 30. f3 Nf6 31. Rc3 a4 32. Ra3 Nd5 33. c4 Nb6 34.
c5 Nc4 35. Rc3 Na5 36. c6 Rc8 37. c7 a3 38. Nb5 a2 39. Ra3 Nc4 40. Rxa2 Nb6 41.
Nd6 Rxc7 42. Ra8+ Nxa8 0-1

[Event "Titled Tue 10th Jun Late"]
[Site "chess.com INT"]
[Date "2025.06.10"]
[Round "6"]
[White "Ferraz, Michel Liah"]
[Black "Zhukovskyi, Oleksandr"]
[Result "0-1"]
[BlackTitle "CM"]
[WhiteElo "2007"]
[BlackElo "2145"]
[WhiteFideId "22743219"]
[BlackFideId "14169371"]
[EventDate "2025.06.10"]

1. d4 Nf6 2. c4 g6 3. Nc3 d5 4. Nf3 Bg7 5. Bg5 Ne4 6. Bf4 Nxc3 7. bxc3 c5 8. e3
O-O 9. Rb1 cxd4 10. cxd4 Nc6 11. Qd2 Na5 12. cxd5 Bf5 13. Rc1 b6 14. d6 exd6 15.
Ba6 Be4 16. O-O Bxf3 17. gxf3 Qd7 18. Rc2 Rfd8 19. Rfc1 Qf5 20. Rc7 g5 21. Bg3
h5 22. h4 gxh4 23. Bxh4 Bf6 24. Bxf6 Qxf6 25. f4 Kh8 26. Kf1 Qf5 27. Ke1 Rg8 28.
Qc2 Rg1+ 29. Bf1 Qb5 30. Rc8+ Kg7 31. Qe2 Qb4+ 32. Qd2 Qxd2+ 33. Kxd2 Rxc8 34.
Rxc8 Rxf1 35. Rc7 Rxf2+ 36. Kc3 Rxa2 37. Rxa7 h4 38. f5 h3 39. f6+ Kxf6 40. e4
h2 41. e5+ dxe5 42. dxe5+ Kxe5 43. Rxf7 h1=Q 44. Re7+ Kd6 45. Rd7+ Kxd7 46. Kb4
Rb2+ 47. Ka4 Qe4+ 48. Ka3 Qb4# 0-1

[Event "Titled Tue 10th Jun Late"]
[Site "chess.com INT"]
[Date "2025.06.10"]
[Round "6"]
[White "Gerbelli Neto, Eduardo"]
[Black "Kalyani Sirin"]
[Result "0-1"]
[BlackTitle "WFM"]
[WhiteElo "2114"]
[BlackElo "2138"]
[WhiteFideId "2103281"]
[BlackFideId "33323500"]
[EventDate "2025.06.10"]

1. e4 e5 2. Nf3 Nc6 3. Nc3 Nf6 4. d4 exd4 5. Nd5 Be7 6. Bf4 d6 7. Nxd4 Nxd4 8.
Qxd4 O-O 9. O-O-O Nxd5 10. exd5 Bf6 11. Qd2 Bf5 12. Bd3 Bxd3 13. Qxd3 a5 14. g4
a4 15. h4 a3 16. b3 Bb2+ 17. Kb1 Qf6 18. Be3 Rfe8 19. Bd4 Bxd4 20. Qxd4 Qxd4 21.
Rxd4 Re2 22. Rf1 Rae8 23. Rdd1 f6 24. Kc1 h5 25. gxh5 Kh7 26. Rd4 Kh6 27. Ra4
R8e5 28. Rxa3 Rxd5 29. Ra4 b5 30. Ra5 Rdd2 31. Rxb5 Rxc2+ 32. Kd1 Rxa2 33. Rb7
Red2+ 34. Kc1 Rdc2+ 35. Kb1 Kxh5 36. Rg1 Rcb2+ 37. Kc1 Rxf2 38. Kb1 Rfb2+ 39.
Kc1 Ra1+ 40. Kxb2 Rxg1 41. Rxc7 Kxh4 42. b4 Rg5 43. Rc4+ Kg3 44. Rd4 Rb5 45. Kc3
f5 46. Rxd6 g5 47. Kc4 Rb8 48. Rd3+ Kg4 49. b5 f4 50. Rd1 f3 51. Rg1+ Kf4 0-1

[Event "Titled Tue 10th Jun Late"]
[Site "chess.com INT"]
[Date "2025.06.10"]
[Round "6"]
[White "Bogaudinov, Rushan"]
[Black "Kjaergaard-Jensen, Jesper"]
[Result "0-1"]
[WhiteTitle "FM"]
[BlackTitle "CM"]
[WhiteElo "1912"]
[BlackElo "2081"]
[WhiteFideId "4129288"]
[BlackFideId "1406990"]
[EventDate "2025.06.10"]

1. e4 Nf6 2. e5 Nd5 3. Nf3 d6 4. d4 Bg4 5. h3 Bh5 6. e6 fxe6 7. g4 Bf7 8. Bg2 c6
9. c4 Nb6 10. b3 h6 11. Bb2 N8d7 12. Nc3 e5 13. dxe5 Nxe5 14. Nxe5 dxe5 15. Qe2
Nd7 16. O-O e6 17. Rad1 Qc7 18. a3 Be7 19. b4 Bf6 20. Ne4 O-O 21. Qe3 Be7 22. g5
h5 23. h4 Bg6 24. c5 Rf4 25. Nd6 Rxh4 26. Bxe5 Nxe5 27. Qxe5 Rg4 28. Qxe6+ Kh7
29. f4 Bxd6 30. cxd6 Qb6+ 31. Rf2 Re8 32. Qa2 Re3 33. d7 Reg3 34. Kf1 Qa6+ 35.
Qe2 Bd3 36. Rxd3 Rxd3 37. Ke1 Rxd7 38. Be4+ g6 39. Qxa6 bxa6 40. Ke2 Re7 41. Kf3
Kg7 42. Bxc6 Rh4 43. Kg3 Rg4+ 44. Kf3 Rc7 0-1

[Event "Titled Tue 10th Jun Late"]
[Site "chess.com INT"]
[Date "2025.06.10"]
[Round "6"]
[White "Adewumi, Tanitoluwa"]
[Black "Movahed, Sina"]
[Result "0-1"]
[WhiteTitle "FM"]
[BlackTitle "GM"]
[WhiteElo "2362"]
[BlackElo "2544"]
[WhiteFideId "30966396"]
[BlackFideId "42520835"]
[EventDate "2025.06.10"]

1. Nf3 Nf6 2. b3 d5 3. Bb2 Bf5 4. g3 e6 5. Bg2 c6 6. O-O Nbd7 7. d3 h6 8. c4 Be7
9. Nbd2 O-O 10. a3 a5 11. Qc2 Bh7 12. Bc3 Bd6 13. b4 axb4 14. axb4 Qe7 15. c5
Bc7 16. e4 Rfc8 17. Rfe1 Rxa1 18. Rxa1 b6 19. Nd4 Ne5 20. f4 Neg4 21. Nxc6 Qe8
22. b5 dxe4 23. dxe4 Nd7 24. Bd4 bxc5 25. Bb2 e5 26. Bh3 h5 27. Bxg4 hxg4 28. f5
Kh8 29. Nc4 f6 30. Ra7 Bg8 31. Ne3 c4 32. Qe2 Bb6 33. Ra1 Nc5 34. Kg2 Nxe4 35.
Nxc4 Rxc6 36. bxc6 Qxc6 0-1

[Event "Titled Tue 10th Jun Late"]
[Site "chess.com INT"]
[Date "2025.06.10"]
[Round "6"]
[White "Pavlov, Nikolay"]
[Black "Panarin, Mikhail"]
[Result "0-1"]
[WhiteTitle "FM"]
[BlackTitle "GM"]
[WhiteElo "2316"]
[BlackElo "2562"]
[WhiteFideId "24141470"]
[BlackFideId "4153251"]
[EventDate "2025.06.10"]

1. e4 c6 2. d4 d5 3. e5 c5 4. Nf3 Nc6 5. dxc5 Bg4 6. c3 e6 7. Be3 a6 8. Nbd2
Nge7 9. h3 Bxf3 10. Nxf3 Nf5 11. Bd4 Nfxd4 12. cxd4 b6 13. Qa4 Qc7 14. cxb6 Qxb6
15. Rc1 Kd7 16. Be2 Qb4+ 17. Qxb4 Bxb4+ 18. Kf1 Rhb8 19. g3 Ba5 20. b3 Rb4 21.
Rd1 Bb6 22. Kg2 a5 23. Rc1 Nxd4 24. Nxd4 Bxd4 25. f4 a4 26. Rhd1 Bb2 27. Rc2 a3
28. Kf3 Rc8 29. Rxc8 Kxc8 30. Bd3 g6 31. Ke2 Kd7 32. Bb1 h5 33. h4 Kc6 34. Rd2
Kd7 35. Rd1 Ke7 36. Rd2 Rb8 37. Rxb2 axb2 38. Kd2 Rc8 39. Bc2 d4 40. Kd3 Rc3+
41. Kd2 Rxg3 42. a4 Rg1 0-1

[Event "Titled Tue 10th Jun Late"]
[Site "chess.com INT"]
[Date "2025.06.10"]
[Round "6"]
[White "Ermachenko, Manuel"]
[Black "Rustemov, Alexander"]
[Result "1-0"]
[WhiteTitle "CM"]
[BlackTitle "GM"]
[WhiteElo "2277"]
[BlackElo "2525"]
[WhiteFideId "24560952"]
[BlackFideId "4119002"]
[EventDate "2025.06.10"]

1. e4 e6 2. d4 d5 3. exd5 exd5 4. c4 Nf6 5. Nc3 Bb4 6. Nf3 O-O 7. Be2 Bg4 8. O-O
dxc4 9. h3 Bxf3 10. Bxf3 c6 11. Bg5 Nbd7 12. d5 Bxc3 13. bxc3 cxd5 14. Bxd5 Qc7
15. Rb1 Nxd5 16. Qxd5 Nb6 17. Qf3 Rfe8 18. Be3 Re6 19. Bd4 Rae8 20. a4 Rc6 21.
Rfe1 Rxe1+ 22. Rxe1 Re6 23. Rxe6 fxe6 24. Qe4 Qc6 25. Qe5 Qd7 26. a5 Nc8 27. g3
a6 28. h4 Nd6 29. Bc5 Ne8 30. Qf4 Nf6 31. Bd4 Kf7 32. g4 e5 33. Qxe5 Qxg4+ 34.
Kf1 Qh3+ 35. Kg1 Qd7 36. f3 h6 37. Kf2 Qc6 38. h5 Qd7 39. Qc5 Qc6 40. Qf5 Qd5
41. Qg6+ Ke6 42. Qxg7 Nxh5 43. Qxh6+ Kd7 44. Qh7+ Kc6 45. Qh8 Qg5 46. Qc8+ Kd6
47. Qb8+ Kc6 48. Be3 Qf5 49. Qe8+ 1-0